000 01172 a2200241 4500
005 20080910152345.0
008 080910t xxu||||| |||| 00| 0hin d
010 _aHIN-79513
020 _a8181661303
_c250.00
035 _aHN-51859
037 _bD.B.Act / pub
082 _a
100 _aठाकुर, रवीन्द्रनाथ
245 _aश्रेष्ठ कथा-संचयन
_cरवीन्द्रनाथ ठाकुर;अनुवादक अमर गोस्वामी
246 _aShretha katha sanchayan
_bby Ravindra Nath Thakur
260 _aदिल्ली
_bमेधा बुक्स
_c2006
270 _aएक्स-11, नवीन शाहदरा
_bदिल्ली
_e110032
_k22323672
_mmedhabooks@rediffmail.com
300 _a214पृ
_c22 सेमी (सजिल्द)
650 _aहिन्दी कहानियाँ
650 _aHindi Stories
942 _adpl
_cHN
_kक / ठाकुर
_2ddc
_h
_mठाकुर
999 _c2890
_d2890